Traductions des jeux The Legend of Zelda en français - Statistiques

Statistiques générales
  • Ce quiz a été pris 72 fois
  • Le résultat moyen est 18 sur 21
Statistiques - réponses
Traduction Jeu original % Correct
Masque de Majora Majora's Mask
98%
La Casquette Minish The Minish Cap
94%
Le Réveilleur de Vent The Wind Waker
92%
Princesse du Crépuscule Twilight Princess
92%
Quatre Épées Four Swords
91%
Ocarina du Temps Ocarina of Time
91%
Épée vers le Ciel Skyward Sword
91%
La Légende de Zelda The Legend of Zelda
89%
Échos de Sagesse Echoes of Wisdom
88%
Larmes du Royaume Tears of the Kingdom
86%
Un Lien vers le Passé A Link to the Past
85%
Héros des Trois Forces Tri Force Heroes
85%
Un Lien Entre les Mondes A Link Between Worlds
82%
Respiration de la Nature Breath of the Wild
79%
Aventure du Lien Adventure of Link
77%
Oracle des âges Oracle of Ages
77%
Sablier Fantôme Phantom Hourglass
77%
Oracle des Saisons Oracle of Seasons
76%
Aventures des Quatre Épées Four Swords Adventures
70%
Réveil du Lien Link's Awakening
70%
Rails spirituels Spirit Tracks
70%
Aucun quiz correspondant
Distribution des résultats
% des personnes avec chaque résultat
Percentile par nombre de réponses
Votre historique - résultats
Vous n’avez pas pris ce quiz